000 00830nam a2200241 i 4500
001 55773
003 ES-MaACL
005 20230906163221.0
007 t|
008 030926s1980 fr a |||| | fre d
020 _a2-8011-0314-4
100 1 _aDewiel, Lydia-Lida.
_9164977
245 1 4 _aLes bijoux
_b: du classicisme áa l'Art Déco /
_cLydia L. Dewiel ; [traduction et adaptation françaises Marina Peltzer et Martine Bollen].
260 _aParis :
_bDuculot,
_c[1980]
300 _a160 p. :
_bil. ;
_c20 cm.
490 1 _aGuides du collectionneur et du marché de l'art
650 4 _aJoyas-
_vHistoria.
_9164978
700 1 _aPeltzer, Marina.
_990126
700 1 _aBollen, Martine.
_929985
830 0 _aGuides du collectionneur et du marché de l'art
_9181647
852 _aES-MaACL
_jL-9151
999 _c55773
_d55773